মৎস্যবিদ্যা = (Fisheries) / (Record no. 47647)
[ view plain ]
| 000 -LEADER | |
|---|---|
| fixed length control field | 00847nam a22002417a 4500 |
| 001 - CONTROL NUMBER | |
| control field | 47647 |
| 003 - CONTROL NUMBER IDENTIFIER | |
| rucl marc code | BD-RjUL |
| 005 - DATE AND TIME OF LATEST TRANSACTION | |
| control field | 20211209054347.0 |
| 008 - FIXED-LENGTH DATA ELEMENTS--GENERAL INFORMATION | |
| fixed length control field | 160809s1987 bg ||||| |||| 00| 0 ben d |
| 020 ## - INTERNATIONAL STANDARD BOOK NUMBER | |
| Terms of availability | : TK 50.00 |
| 035 ## - SYSTEM CONTROL NUMBER | |
| System control number | (BD-RjUL)47766 |
| 040 ## - CATALOGING SOURCE | |
| Original cataloging agency | BD-RjUL |
| Language of cataloging | ben |
| Transcribing agency | BD-RjUL |
| 041 ## - LANGUAGE CODE | |
| Language code of text/sound track or separate title | ben |
| 082 ## - DEWEY DECIMAL CLASSIFICATION NUMBER | |
| Edition number | 23 |
| Classification number | 639 |
| Author mark and year | ISM 1987 |
| 100 10 - MAIN ENTRY--PERSONAL NAME | |
| Personal name | ইসলাম, আনোয়ারুল |
| 9 (RLIN) | 144765 |
| 245 10 - TITLE STATEMENT | |
| Title | মৎস্যবিদ্যা = (Fisheries) / |
| Statement of responsibility, etc. | আনোয়ারুল ইসলাম |
| 260 ## - PUBLICATION, DISTRIBUTION, ETC. (IMPRINT) | |
| Place of publication, distribution, etc. | ঢাকা : |
| Name of publisher, distributor, etc. | বাংলা একাডেমী, |
| Date of publication, distribution, etc. | ১৯৮৭ |
| 300 ## - PHYSICAL DESCRIPTION | |
| Pagination | খণ্ড : |
| Illustrations | চিত্র ; |
| Size | ২১ সেমি. |
| 505 0# - FORMATTED CONTENTS NOTE | |
| Formatted contents note | খণ্ড ১ -- খণ্ড ২ -- |
| 650 ## - SUBJECT ADDED ENTRY--TOPICAL TERM | |
| Topical term or geographic name as entry element | মৎস্যবিদ্যা |
| 9 (RLIN) | 144793 |
| Topical term or geographic name as entry element | Fishing |
| 9 (RLIN) | 144794 |
| 942 ## - ADDED ENTRY ELEMENTS (KOHA) | |
| Source of classification or shelving scheme | Dewey Decimal Classification |
| Koha item type | Books |
| Lost status | Source of classification or shelving scheme | Damaged status | Not for loan | Collection code | Permanent Location | Current Location | Shelving location | Date acquired | Source of acquisition | Total Checkouts | Full call number | Date last seen | Copy number | Koha item type | Cost, normal purchase price |
|---|---|---|---|---|---|---|---|---|---|---|---|---|---|---|---|
| Dewey Decimal Classification | Non-fiction | Central Library, University of Rajshahi | Central Library, University of Rajshahi | 11/10/1992 | Bangla Academy, Dhaka | B 639 ISM V-1 1987 | 09/08/2016 | C-2 | Books | ||||||
| Dewey Decimal Classification | Non-fiction | Central Library, University of Rajshahi | Central Library, University of Rajshahi | 11/10/1992 | Bangla Academy, Dhaka | B 639 ISM V-1 1987 | 09/08/2016 | C-3 | Books | ||||||
| Dewey Decimal Classification | Non-fiction | Central Library, University of Rajshahi | Central Library, University of Rajshahi | 11/10/1992 | Bangla Academy, Dhaka | B 639 ISM V-1 1987 | 09/08/2016 | C-4 | Books | ||||||
| Dewey Decimal Classification | Non-fiction | Central Library, University of Rajshahi | Central Library, University of Rajshahi | 24/10/1987 | Bangla Academy, Dhaka. | B 639 ISM V-1 1987 | 07/11/2016 | C-5 | Books | 50.00 | |||||
| Dewey Decimal Classification | Not For Loan | Non-fiction | Central Library, University of Rajshahi | Central Library, University of Rajshahi | Reading Room | 01/07/1990 | Bangla Academi, Dhaka | B 639 ISM V-2 1987 | 23/04/2017 | C-1 | Books | 50.00 | |||
| Dewey Decimal Classification | Non-fiction | Central Library, University of Rajshahi | Central Library, University of Rajshahi | 11/10/1992 | Dhaka, Bangla Academy | B 639 ISM V-2 1987 | 23/04/2017 | C-2 | Books | ||||||
| Dewey Decimal Classification | Not For Loan | Non-fiction | Central Library, University of Rajshahi | Central Library, University of Rajshahi | Reading Room | 24/10/1987 | Dhaka, Bangla Academy | B 639 ISM V-1 1987 | 23/04/2017 | C-1 | Books | 50.00 |